STN EN 10016-1: 2001, [neplatná] (42 1075), Valcovaný drôt z nelegovanej ocele na ťahanie a/alebo valcovanie za studena Časť 1 Všeobecné požiadavky

Táto národná norma je identická s EN 10016-1: 1996 v českom jazyku

Bibliographic Details
Main Author: Drang, Jozef (Author)
Corporate Author: Slovenská spoločnosť pre technickú normalizáciu (Translator)
Other Authors: Filippi, Peter (Translator)
Format: Book
Language:Czech
Slovak
English
PhysicalDescription:[16] s. fotogr., tab. 30 cm
Published: Bratislava Slovenský ústav technickej normalizácie 2001
Subjects:

MARC

LEADER 00000cam a2200000 a 4500
001 vtls008961601
003 SK-MaSNL
005 20260301080933.0
008 130117s2001 xo ao f u 001 0 cze
015 |a SNBN2016 
020 |c (cen. skup. 11) 
040 |a SNK  |b slo  |c SNK  |e AACR2 
041 1 |a cze  |a slo  |h eng 
044 |a xo  |c SK 
046 |a m  |m 200109 (účin.)  |n 201201 
072 7 |a 62  |x Technika všeobecne  |2 konspekt 
072 7 |a 669  |x Metalurgia  |2 konspekt 
072 7 |a 620.1/.2  |x Náuka o materiáli  |2 konspekt 
080 |a 62-426  |2 2001 
080 |a (437.6)  |2 2001 
080 |a (4)  |2 2001 
080 |a (083)  |2 2001 
080 |a 006.7/.8  |2 2001 
080 |a 669.018  |2 2001 
080 |a 620.2-034  |2 2001 
084 |a 77.140.70  |2 ICS 
130 0 |a STN 42 1075 [neplatná] (STN EN 10016-1)  |9 403424 
245 1 0 |a STN EN 10016-1: 2001, [neplatná] (42 1075), Valcovaný drôt z nelegovanej ocele na ťahanie a/alebo valcovanie za studena  |n Časť 1  |p Všeobecné požiadavky 
246 1 0 |a Valcovaný drôt z nelegovanej ocele na ťahanie a/alebo valcovanie za studena 
260 |a Bratislava  |b Slovenský ústav technickej normalizácie  |c 2001 
300 |a [16] s.  |b fotogr., tab.  |c 30 cm 
500 |a Súbežný názov v angličtine, francúzštine, nemčine 
500 |a Spracovateľ: Slovenská spoločnosť pre technickú normalizáciu, Peter Filippi ; SÚTN Bratislava, Jozef Drang 
504 |a Citované normy s. [2] ; register slovenských termínov 
520 8 |a Táto národná norma je identická s EN 10016-1: 1996 v českom jazyku 
540 |a STN vydané na akomkoľvek nosiči sa môžu rozmnožovať a rozširovať iba so súhlasom určenej právnickej osoby  |b SÚTN Bratislava  |c zákon 264/1999 Z. z. 
650 0 7 |a drôty  |2 SNKPH  |9 68767 
650 0 7 |a technické normy a štandardy  |z krajiny Európskej únie  |2 SNKPH  |9 289341 
650 0 7 |a technické normy a štandardy  |z Slovensko  |2 SNKPH  |9 79594 
650 0 7 |a Wires  |2 SNKPHeng  |9 314769 
650 0 7 |a kovové materiály  |2 SNKPH  |9 1053 
650 0 7 |a Metal materials  |2 SNKPHeng  |9 274716 
655 7 |a normy  |2 SNKPH  |9 70643 
700 1 |a Filippi, Peter  |4 trl  |9 303925 
700 1 |a Drang, Jozef  |4 aut  |9 312434 
710 2 |a Slovenská spoločnosť pre technickú normalizáciu  |4 trl  |9 36642 
710 2 |a Slovenský ústav technickej normalizácie (Bratislava, Slovensko).  |b Technická normalizačná komisia č. 45 Oceľ, hliník a neželezné kovy  |4 stn  |9 312414 
852 |a Štátna vedecká knižnica v Banskej Bystrici 
958 |a NB 
958 |a OP 
999 |c 654530  |d 656460 
952 |a SNK  |b SNK  |y PREZ  |7 0  |p 17A0547312  |o snkSTN EN 10016-1 D1  |i snk2007/9399  |8 0  |0 0  |1 0  |4 0  |d 2007-04-04  |l 0  |r 2026-02-23 18:33:11  |w 2026-02-23 
952 |a SNK  |b SNK  |y PREZ  |7 0  |p 17A0547313  |o snkSTN EN 10016-1  |i snk2007/9398  |8 0  |0 0  |1 0  |4 0  |d 2007-04-04  |l 0  |r 2026-02-23 18:33:11  |w 2026-02-23